At the Master's Feet / (Record no. 6350)

MARC details
000 -LEADER
fixed length control field 00486nam a22001697a 4500
003 - CONTROL NUMBER IDENTIFIER
control field GBCCL
005 - DATE AND TIME OF LATEST TRANSACTION
control field 20241126110601.0
008 - FIXED-LENGTH DATA ELEMENTS--GENERAL INFORMATION
fixed length control field 180510b ||||| |||| 00| 0 eng d
040 ## - CATALOGING SOURCE
Transcribing agency gbc
082 ## - DEWEY DECIMAL CLASSIFICATION NUMBER
Classification number 248.22
Item number SIN
100 ## - MAIN ENTRY--PERSONAL NAME
Personal name Singh, Sadhu Sundar
Dates associated with a name 1889 - 1929
9 (RLIN) 11374
245 ## - TITLE STATEMENT
Title At the Master's Feet /
Statement of responsibility, etc. Arthur & Rebecca Parker [tr. from Urdu]
260 ## - PUBLICATION, DISTRIBUTION, ETC.
Place of publication, distribution, etc. Madras:
Name of publisher, distributor, etc. Christian Literature Society,
Date of publication, distribution, etc. 1983
300 ## - PHYSICAL DESCRIPTION
Extent 59 p.;
Dimensions 18 cm.
650 ## - SUBJECT ADDED ENTRY--TOPICAL TERM
Topical term or geographic name entry element Mysticism
9 (RLIN) 1677
942 ## - ADDED ENTRY ELEMENTS (KOHA)
Source of classification or shelving scheme Dewey Decimal Classification
Koha item type Books
Holdings
Withdrawn status Lost status Source of classification or shelving scheme Damaged status Not for loan Home library Current Library Shelving location Date acquired Total checkouts Full call number Barcode Date last seen Copy number Price effective from Koha item type
    Dewey Decimal Classification     GRACE BIBLE COLLEGE GRACE BIBLE COLLEGE Ministry & Mission 2018-05-10   248.22 SIN 001803 2025-05-01 c.1 2018-05-10 Books
© Grace Bible College Library 2025